00660nam a2200181 a 450000100100000000500170001000800410002702000150006804000130008308200150009624501590011126000460027030000280031650400500034470000280039470000300042270000260045200000932820200929161545.0090929s2005 dr a 000 0 spa d a9993481297 aDO-SdBNP axxxbA666u04aLos árboles de la UNAPEC :bun monumento de la naturaleza /ctextos científicos Ricardo García, Francisco Jiménez ; ilustraciones ángel Haché. aSanto Domingo :bUniversidad APEC,c2005. a155 P. :bil. ;c32 cm. aIncluye referencias bibliográficas (p. 155)12aGarcía, Ricardoetex.12aJiménez, Franciscoetex12aHaché, Ángeleil.